| 000 | 00566nam a22001697a 4500 | ||
|---|---|---|---|
| 003 | OSt | ||
| 005 | 20241017142809.0 | ||
| 008 | 241017b |||||||| |||| 00| 0 eng d | ||
| 040 | _c0 | ||
| 082 | _aDPer050 M72 January-March 2018 v. 66 no. 8-10 | ||
| 100 |
_aKindot, Janneth C. _eauthor. _963134 |
||
| 245 |
_aThe challenge of pursuing graduate studies / _cJanneth C. Kindot. |
||
| 260 |
_aManila, Philippines ; _b In the Grade School, Inc, _cMarch 2018. |
||
| 300 | _aVolume 66,pages 378,379. | ||
| 700 |
_aKindot, Janneth C. _eauthor. _963134 |
||
| 942 |
_2ddc _cPER |
||
| 999 |
_c22664 _d22664 |
||